[Event "78th GEO-ch Women 1st League 2021"]
[Site "Tbilisi"]
[Date "2021.03.23"]
[Round "6.9"]
[White "Sordia, Marta"]
[Black "Tasoshvili, Tamar"]
[Result "1/2-1/2"]
[WhiteElo "1226"]
[BlackElo "1528"]
[Annotator "NA"]
[PlyCount "80"]
[EventDate "2021.03.18"]
[EventType "swiss"]
[EventCountry "GEO"]
[SourceTitle "playchess.com"]
[Source "ChessBase"]
[SourceQuality "1"]
[TimeControl "5400+30"]

1. e4 {[%emt 0:00:00]} d5 {[%emt 0:10:05]} 2. exd5 {[%emt 0:00:00]} Qxd5 {[%emt 0:00:01]} 3. Nc3 {[%emt 0:00:00]} Qd6 {[%emt 0:00:01]} 4. d4 {[%emt 0:00:00]} c6 {[%emt 0:00:01]} 5. Nf3 {[%emt 0:00:09]} Nf6 {[%emt 0:00:04]} 6. h3 {[%emt 0:01:28]} Bf5 {[%emt 0:00:12]} 7. Bd3 {[%emt 0:01:27]} Bg6 {[%emt 0:00:07]} 8. O-O {[%emt 0:00:11]} e6 {[%emt 0:00:03]} 9. Be3 {[%emt 0:00:24]} Nbd7 {[%emt 0:00:08]} 10. Qd2 {[%emt 0:05:11]} Qc7 {[%emt 0:00:06]} 11. Bf4 {[%emt 0:04:21]} Bd6 {[%emt 0:00:05]} 12. Bxd6 {[%emt 0:00:04]} Qxd6 {[%emt 0:00:06]} 13. Rfe1 {[%emt 0:02:01]} O-O {[%emt 0:00:20]} 14. Bxg6 {[%emt 0:01:09]} hxg6 {[%emt 0:00:06]} 15. Ne4 {[%emt 0:01:12]} Nxe4 {[%emt 0:00:55]} 16. Rxe4 {[%emt 0:00:04]} Nf6 {[%emt 0:00:12]} 17. Ree1 {[%emt 0:00:18]} Rad8 {[%emt 0:01:01]} 18. Rad1 {[%emt 0:00:12]} Qc7 {[%emt 0:00:48]} 19. Qe2 {[%emt 0:02:05]} Qf4 {[%emt 0:01:37]} 20. Qe5 {[%emt 0:06:03]} Qf5 {[%emt 0:01:45]} 21. Qxf5 {[%emt 0:00:57]} gxf5 {[%emt 0:00:19]} 22. Ne5 {[%emt 0:03:17]} Nd5 {[%emt 0:01:36]} 23. c3 {[%emt 0:01:29]} f6 {[%emt 0:01:20]} 24. Nd3 {[%emt 0:00:08]} Rfe8 {[%emt 0:00:48]} 25. g3 {[%emt 0:10:01]} Kf7 {[%emt 0:01:58]} 26. Kg2 {[%emt 0:02:32]} b6 {[%emt 0:01:55]} 27. f4 {[%emt 0:58:47]} a5 28. a3 {[%emt 0:00:00]} Nc7 {[%emt 0:13:13]} 29. g4 {[%emt 0:00:00]} fxg4 {[%emt 0:02:28]} 30. hxg4 {[%emt 0:00:00]} Nb5 {[%emt 0:00:35]} 31. a4 {[%emt 0:00:00]} Nd6 {[%emt 0:00:19]} 32. b3 {[%emt 0:00:00]} Rh8 {[%emt 0:00:28]} 33. Nf2 {[%emt 0:00:00]} Rh4 {[%emt 0:11:40]} 34. Rh1 {[%emt 0:00:00]} Rdh8 {[%emt 0:00:22]} 35. Rxh4 {[%emt 0:00:00]} Rxh4 {[%emt 0:00:02]} 36. Kg3 {[%emt 0:00:00]} Rh8 {[%emt 0:00:09]} 37. Re1 {[%emt 0:00:00]} b5 {[%emt 0:00:46]} 38. Nd3 {[%emt 0:00:00]} Nb7 {[%emt 0:03:07]} 39. axb5 {[%emt 0:00:00]} cxb5 {[%emt 0:00:38]} 40. Rc1 {[%emt 0:00:00]} Rd8 {[%emt 0:01:24]} 1/2-1/2

[Event "78th GEO-ch Women 1st League 2021"]
[Site "Tbilisi"]
[Date "2021.03.23"]
[Round "6.10"]
[White "Mamardashvili, Ana"]
[Black "Dolakidze, Mariam"]
[Result "0-1"]
[WhiteElo "1416"]
[BlackElo "1416"]
[Annotator "NA"]
[PlyCount "84"]
[EventDate "2021.03.18"]
[EventType "swiss"]
[EventCountry "GEO"]
[SourceTitle "playchess.com"]
[Source "ChessBase"]
[SourceQuality "1"]
[TimeControl "5400+30"]

1. d4 {[%emt 0:00:00]} e6 {[%emt 0:02:05]} 2. c4 {[%emt 0:00:00]} f5 {[%emt 0:00:15]} 3. Nc3 {[%emt 0:00:22]} d5 {[%emt 0:00:10]} 4. Bf4 {[%emt 0:01:31]} c6 {[%emt 0:00:20]} 5. e3 {[%emt 0:01:16]} Bd6 {[%emt 0:00:16]} 6. Bxd6 {[%emt 0:05:24]} Qxd6 {[%emt 0:00:07]} 7. Nf3 {[%emt 0:00:09]} Nf6 {[%emt 0:01:02]} 8. Be2 {[%emt 0:04:54]} O-O {[%emt 0:00:17]} 9. O-O {[%emt 0:00:13]} Bd7 {[%emt 0:00:17]} 10. c5 {[%emt 0:05:47]} Qc7 {[%emt 0:00:38]} 11. b4 {[%emt 0:02:40]} b6 {[%emt 0:00:49]} 12. a4 {[%emt 0:05:32]} a5 {[%emt 0:00:24]} 13. cxb6 {[%emt 0:16:25]} Qxb6 {[%emt 0:00:06]} 14. b5 {[%emt 0:00:13]} cxb5 {[%emt 0:00:12]} 15. axb5 {[%emt 0:04:43]} Ne4 {[%emt 0:01:29]} 16. Na4 {[%emt 0:00:39]} Qb7 {[%emt 0:01:10]} 17. Qd3 {[%emt 0:07:19]} Be8 {[%emt 0:02:41]} 18. Nc5 {[%emt 0:03:40]} Qb6 {[%emt 0:00:08]} 19. Rfc1 {[%emt 0:01:35]} Nd7 {[%emt 0:01:32]} 20. Nxd7 {[%emt 0:08:58]} Bxd7 {[%emt 0:00:10]} 21. Ne5 {[%emt 0:00:08]} Be8 {[%emt 0:01:38]} 22. Nc6 {[%emt 0:04:48]} Nd6 {[%emt 0:01:32]} 23. Qb3 {[%emt 0:03:58]} Rf7 {[%emt 0:00:35]} 24. Qa4 {[%emt 0:01:30]} Rc7 {[%emt 0:00:41]} 25. h3 {[%emt 0:02:06]} h6 {[%emt 0:01:57]} 26. Rab1 {[%emt 0:04:33]} Kh8 {[%emt 0:02:24]} 27. Qa3 {[%emt 0:02:52]} Ne4 {[%emt 0:00:44]} 28. Qf8+ {[%emt 0:01:10]} Kh7 {[%emt 0:00:03]} 29. Ne7 {[%emt 0:03:10]} Nf6 {[%emt 0:00:09]} 30. Bh5 {[%emt 0:04:47]} Rb8 {[%emt 0:00:28]} 31. Rxc7 {[%emt 0:01:35]} Qxc7 {[%emt 0:00:23]} 32. b6 {[%emt 0:01:20]} Qb7 {[%emt 0:00:20]} 33. Ng8 {[%emt 0:02:05]} Nxh5 {[%emt 0:00:42]} 34. g4 {[%emt 0:00:26]} Bg6 {[%emt 0:00:33]} 35. Qe7 {[%emt 0:00:19]} fxg4 {[%emt 0:00:47]} 36. Rb2 {[%emt 0:00:46]} Kxg8 {[%emt 0:00:13]} 37. Qxe6+ {[%emt 0:00:05]} Kh7 {[%emt 0:00:02]} 38. hxg4 {[%emt 0:00:35]} Nf6 {[%emt 0:00:17]} 39. f4 {[%emt 0:00:41]} Re8 {[%emt 0:00:25]} 40. Qd6 {[%emt 0:00:28]} Nxg4 {[%emt 0:00:14]} 41. Rg2 {[%emt 0:00:34]} h5 {[%emt 0:00:42]} 42. Rc2 {[%emt 0:00:33]} Bxc2 {[%emt 0:00:09]} 0-1

[Event "78th GEO-ch Women 1st League 2021"]
[Site "Tbilisi"]
[Date "2021.03.23"]
[Round "6.11"]
[White "Antia, Sopia"]
[Black "Mkrtchyan, Aida"]
[Result "1-0"]
[WhiteElo "1594"]
[BlackElo "1156"]
[Annotator "NA"]
[PlyCount "71"]
[EventDate "2021.03.18"]
[EventType "swiss"]
[EventCountry "GEO"]
[SourceTitle "playchess.com"]
[Source "ChessBase"]
[SourceQuality "1"]
[TimeControl "5400+30"]

1. e4 {[%emt 0:00:00]} e6 {[%emt 0:00:25]} 2. d4 {[%emt 0:00:00]} d5 {[%emt 0:00:12]} 3. Nd2 {[%emt 0:00:00]} c5 {[%emt 0:01:00]} 4. exd5 {[%emt 0:02:25]} exd5 {[%emt 0:00:49]} 5. Bb5+ {[%emt 0:01:21]} Bd7 {[%emt 0:00:44]} 6. Bxd7+ {[%emt 0:00:57]} Nxd7 {[%emt 0:00:50]} 7. Ne2 {[%emt 0:00:28]} Bd6 {[%emt 0:01:23]} 8. O-O {[%emt 0:00:27]} Ne7 {[%emt 0:00:57]} 9. dxc5 {[%emt 0:00:31]} Bxc5 {[%emt 0:02:05]} 10. Nb3 {[%emt 0:00:06]} Bd6 {[%emt 0:00:48]} 11. Nf4 {[%emt 0:01:06]} Nb6 {[%emt 0:01:42]} 12. Be3 {[%emt 0:01:47]} Be5 {[%emt 0:01:47]} 13. Nd3 {[%emt 0:02:41]} Bd6 {[%emt 0:02:58]} 14. Nd4 {[%emt 0:06:58]} O-O {[%emt 0:02:18]} 15. Qg4 {[%emt 0:01:24]} f5 {[%emt 0:01:48]} 16. Qh3 {[%emt 0:01:20]} Qe8 {[%emt 0:05:33]} 17. Bf4 {[%emt 0:03:15]} Bxf4 {[%emt 0:03:47]} 18. Nxf4 {[%emt 0:00:05]} Rf6 {[%emt 0:01:05]} 19. Rfe1 {[%emt 0:00:52]} Qd7 {[%emt 0:02:56]} 20. Rad1 {[%emt 0:03:04]} Nc6 {[%emt 0:02:02]} 21. Nde6 {[%emt 0:01:54]} Re8 {[%emt 0:01:36]} 22. Nxg7 {[%emt 0:10:32]} Rxe1+ {[%emt 0:09:23]} 23. Rxe1 {[%emt 0:00:03]} Qxg7 {[%emt 0:04:59]} 24. Nh5 {[%emt 0:00:11]} Qh6 {[%emt 0:01:34]} 25. Nxf6+ {[%emt 0:02:43]} Qxf6 {[%emt 0:00:15]} 26. Qg3+ {[%emt 0:00:09]} Qg7 {[%emt 0:02:13]} 27. Qf4 {[%emt 0:01:06]} Qxb2 {[%emt 0:03:44]} 28. Qxf5 {[%emt 0:00:11]} Kg7 {[%emt 0:02:15]} 29. Qg5+ {[%emt 0:00:38]} Kf7 {[%emt 0:01:37]} 30. Qf4+ {[%emt 0:01:03]} Kg6 {[%emt 0:03:36]} 31. Re6+ {[%emt 0:00:38]} Kg7 {[%emt 0:00:39]} 32. Qc7+ {[%emt 0:01:45]} Kf8 {[%emt 0:00:59]} 33. g3 {[%emt 0:01:01]} Qc1+ {[%emt 0:03:12]} 34. Kg2 {[%emt 0:00:15]} Qg5 {[%emt 0:00:24]} 35. Qxh7 {[%emt 0:01:08]} Ne7 {[%emt 0:01:03]} 36. h4 {[%emt 0:02:06]} 1-0

[Event "78th GEO-ch Women 1st League 2021"]
[Site "Tbilisi"]
[Date "2021.03.24"]
[Round "7.1"]
[White "Gvetadze, Sofio"]
[Black "Vakhania, Alexandra"]
[Result "1/2-1/2"]
[WhiteElo "2317"]
[BlackElo "2134"]
[Annotator "TA"]
[PlyCount "118"]
[EventDate "2021.03.18"]
[EventType "swiss"]
[EventCountry "GEO"]
[SourceTitle "playchess.com"]
[Source "ChessBase"]
[SourceQuality "1"]

{[%evp 17,118,40,49,20,39,25,16,0,0,0,43,0,0,0,18,0,0,0,70,10,17,-38,-43,-40,-43,-50,-59,-88,-62,-60,-67,-113,-108,-123,-61,-73,-1,-26,-35,-89,-72,-58,-53,-52,-59,-87,-85,-88,-68,-72,-81,-62,-89,-335,-319,-337,-306,-319,-320,-304,-105,-112,-112,-102,-111,-138,92,82,379,0,0,0,0,0,0,0,0,0,0,0,0,0,0,0,0,0,0,0,0,0,0,0,0,0,0,0,0,0,0,0,0,0,0]} 1. e4 c6 2. d4 d5 3. Nc3 dxe4 4. Nxe4 Nf6 5. Nxf6+ exf6 6. c3 Bd6 7. Bd3 O-O 8. Ne2 Qc7 9. Qc2 h6 10. Be3 {B15: Caro-Kann: 3 Nc3: 3...g6 and 3...dxe4 4 Nxe4 Nf6 5 Nxf6+ exf6.} c5 11. O-O-O c4 12. Bh7+ Kh8 13. Be4 {[#]} Re8 $146 ({Predecessor:} 13... Qa5 14. Kb1 Re8 15. Ka1 f5 16. Bf3 Nd7 17. Bf4 Bxf4 18. Nxf4 Nf6 19. Rhe1 Bd7 {½-½ (42) Valli,F (2240)-Shagdurov,D (1890) St Petersburg 2012}) 14. Bd5 Bg4 15. Rde1 Na6 16. h3 Bh5 17. Qa4 Rac8 ({Black should play} 17... Bg6 $11) 18. Qb5 (18. g3 $1 $14) 18... Re7 19. Kb1 (19. Ng3 $11 Bg6 20. Bd2) 19... Nb8 $15 20. Ka1 a6 $36 {[%mdl 2048] Black fights for an advantage.} 21. Qa4 b5 22. Qc2 Rce8 23. g4 Bg6 24. Qd2 Nc6 $1 25. Nc1 Kh7 (25... b4 $17 26. f4 bxc3 27. bxc3 Nb4 $1 {[%mdl 512]} 28. cxb4 c3) 26. h4 $1 h5 ({Black should try} 26... Qd7 $17) 27. gxh5 Bxh5 28. Reg1 (28. Ne2 $15) 28... g6 $17 29. Qc2 Nb8 30. Ne2 Nd7 $1 31. Rh3 f5 32. Rg5 Nf6 33. Rxf5 $1 {[#]} Kg7 (33... gxf5 $2 34. Qxf5+ Bg6 35. Qxf6 $16) 34. Rxf6 Kxf6 35. Ng3 $2 (35. Bg5+ $17 {was the only chance.} Kg7 36. Bxe7) 35... Bg4 $19 36. Rh1 Bxg3 (36... Rxe3 37. fxe3 Bxg3 38. Rf1+ Kg7 39. Bxf7 $11) 37. Bg5+ Kg7 38. Bxe7 {[#]} Bf5 $1 39. Qd1 $17 Rxe7 40. fxg3 Qxg3 41. h5 b4 $2 (41... g5 $17 {and life is bright.} 42. h6+ Kh7) 42. hxg6 $16 bxc3 $2 {[%mdl 8192]} (42... fxg6 $16 43. Qc1 (43. cxb4 c3 $11) (43. Bxc4 bxc3 44. Qc1 cxb2+ 45. Kxb2 Kf6 $11) 43... Qe3) 43. Rh7+ $2 ({Only move:} 43. gxf7 $18 cxb2+ 44. Kxb2 Qf2+ 45. Ka1) 43... Kf6 $11 {( -> ...cxb2+). The position is equal.} 44. Rxf7+ ({Wrong is} 44. gxf7 $2 cxb2+ 45. Kxb2 Qb8+ 46. Ka1 Bxh7 $19) 44... Rxf7 45. gxf7 cxb2+ 46. Kxb2 c3+ $1 47. Ka1 Kg7 {Strongly threatening ...c2.} 48. Qf1 Qg4 {Hoping for ...c2.} 49. Bb3 {And now Bc2! would win.} c2 {[%cal Rg4d4]} 50. a3 Qxd4+ 51. Ka2 Qc5 52. Qc1 {Black must now prevent Qg5+.} Kg6 53. Kb2 Qd4+ 54. Ka2 Qc5 55. a4 a5 56. Kb2 Qd4+ 57. Ka3 Qb4+ 58. Ka2 Qc5 59. Kb2 Qd4+ {Weighted Error Value: White=0.26/Black=0.33} 1/2-1/2

[Event "78th GEO-ch Women 1st League 2021"]
[Site "Tbilisi"]
[Date "2021.03.24"]
[Round "7.2"]
[White "Khurtsilava, Inga"]
[Black "Mikadze, Miranda"]
[Result "1/2-1/2"]
[WhiteElo "2260"]
[BlackElo "2269"]
[Annotator "TA"]
[PlyCount "70"]
[EventDate "2021.03.18"]
[EventType "swiss"]
[EventCountry "GEO"]
[SourceTitle "playchess.com"]
[Source "ChessBase"]
[SourceQuality "1"]

{[%evp 9,70,6,34,13,23,30,22,-1,26,-3,4,-6,13,-54,-54,-53,-59,-50,-66,-47,-63,-50,-50,-47,50,43,61,54,54,61,321,317,329,216,241,234,234,214,217,151,239,122,311,66,74,73,650,109,1060,874,1198,1187,1183,114,144,0,0,-60,0,-25,91,-35,-32]} 1. d4 d5 2. Nf3 c6 3. g3 Bf5 4. Bg2 e6 5. O-O Bd6 6. Nbd2 {D02: 1 d4 d5 2 Nf3 sidelines, including 2...Nf6 3 g3 and 2...Nf6 3 Bf4.} Nf6 7. Nh4 Bg4 8. Qe1 {The position is equal.} Nbd7 9. h3 Bh5 10. f4 {[#]} Qc7 $146 ({Predecessor:} 10... Be7 11. Nhf3 O-O 12. Ne5 Nxe5 13. dxe5 Ne4 14. Nxe4 dxe4 15. Be3 Qd5 16. b3 Bc5 {1-0 (42) Rogic,D (2552)-Kuthan,A (2207) Austria 2015}) 11. Kh2 ({White should play} 11. e4 $11 dxe4 12. Nxe4 Nxe4 13. Qxe4) 11... h6 $15 12. e4 {Threatens to win with e5.} g5 {...dxe4 is the strong threat.} 13. e5 {[%cal Re5d6]} gxh4 14. g4 Bg6 15. exd6 Qxd6 16. c4 h5 ({Better is} 16... Bd3 $15 17. c5 Qc7) 17. g5 $14 Ng8 18. b3 (18. Qxh4 Ne7 $11) 18... Ne7 19. a4 b5 $2 {[%mdl 8192]} (19... Qc7 $14) 20. axb5 $18 (20. cxb5 Rc8 $16) 20... cxb5 21. cxb5 Nb6 22. Ba3 (22. Qxh4 Qb4 $16) 22... Qb8 23. Bxe7 (23. Qxh4 $6 Nbc8 $16) 23... Kxe7 24. Kh1 {Hoping for f5.} ({Resist} 24. Qxh4 $6 Re8 $16) 24... Kf8 (24... Bd3 $16) 25. Qxh4 (25. Nf3 $18) 25... Nc8 $2 {[#]} (25... Kg7 $16) 26. Qe1 $2 (26. Bxd5 $1 $18 {[%mdl 512] Black must now prevent f5!} exd5 27. f5) 26... Ne7 $14 {[%cal Bc8e7,Be7f5,Bf5g3][%mdl 32]} 27. Nf3 Qxf4 {[%mdl 8192] [#]} (27... Qxb5 $16 28. Qe5 Rh7) 28. Qb4 $2 (28. Ne5 $1 $18 {and the rest is easy.} Qxg5 29. h4) 28... Ke8 $2 {[%mdl 8192]} (28... Rg8 $16) 29. Ne5 $18 Qxg5 30. b6 Nf5 31. Qb5+ $2 (31. Rxa7 $18 {is the precise move to win.} Rd8 32. Rf3) 31... Kf8 $16 {[#]} 32. Nxg6+ (32. Rxa7 Kg7 $15) ({Of course not} 32. bxa7 $6 Ng3+ 33. Kh2 Nxf1+ 34. Rxf1 Kg7 $11) (32. Rxf5 $1 $16 {[%mdl 512]} Bxf5 33. b7 (33. Rxa7 Rc8 $17)) 32... Qxg6 33. Rxa7 (33. Rg1 $11 Ng3+ 34. Kh2) 33... Rb8 (33... Kg7 $15 34. Rg1 (34. Rxa8 Rxa8 35. b7 Rb8 $17) 34... Ng3+ 35. Kh2 h4) 34. Rg1 {And now Be4! would win.} Ng3+ 35. Kh2 {aiming for Be4!} h4 $1 {Weighted Error Value: White=0.93/Black=0.69} 1/2-1/2

[Event "78th GEO-ch Women 1st League 2021"]
[Site "Tbilisi"]
[Date "2021.03.24"]
[Round "7.3"]
[White "Janiashvili, Mariami"]
[Black "Lomaia, Diana"]
[Result "0-1"]
[WhiteElo "1963"]
[BlackElo "1946"]
[Annotator "TA"]
[PlyCount "100"]
[EventDate "2021.03.18"]
[EventType "swiss"]
[EventCountry "GEO"]
[SourceTitle "playchess.com"]
[Source "ChessBase"]
[SourceQuality "1"]

{[%evp 12,100,29,27,25,30,66,56,54,28,38,44,47,48,40,33,38,33,77,31,47,48,47,47,47,48,48,56,49,18,15,14,13,15,34,31,20,28,38,0,0,0,0,-58,-65,-96,-90,-140,-148,-150,-152,-142,-118,-195,-59,-59,-58,-133,-91,-98,-93,-133,-137,-194,-194,-184,-134,-126,-67,-106,-91,-2260,-2206,-29966,-29966,-29965,-29965,-29965,-29966,-29962,-29965,-29969,-29970,-29970,-29971,-29969,-29967,-29982,-29983,-29982,-29983]} 1. d4 d5 2. c4 dxc4 3. Nf3 Nf6 4. e3 e6 5. Bxc4 c5 6. O-O a6 7. b3 b5 {D27: Queen's Gambit Accepted: Classical main line: 7 e4!? and 7 a4.} 8. Be2 Nc6 9. a4 {[#]} b4 $146 {White is slightly better.} ({Predecessor:} 9... bxa4 10. Rxa4 Bb7 11. Bb2 Nb4 12. Ne5 cxd4 13. Qxd4 Qxd4 14. Bxd4 Be7 15. Rc1 Rb8 {1-0 (47) Da Silva,R-Da Silva,J Brazil CXEB 2000}) 10. dxc5 Qxd1 11. Rxd1 Bxc5 12. Bb2 Bb7 13. Nbd2 Na5 14. Rac1 Rc8 15. Ne5 {Strongly threatening Nec4.} (15. Bd4 {feels hotter.} Nd7 16. Bxg7 Rg8 17. Bh6 Ke7 18. Bg5+) 15... O-O 16. Nec4 Nxc4 17. Nxc4 Bd5 18. Nd2 Bb7 19. Bxf6 gxf6 20. Bf3 Bxf3 21. gxf3 Rfd8 22. Kf1 Kf8 23. Ke2 Be7 24. Ne4 Re8 25. Nd2 Rc3 26. Rxc3 bxc3 $11 {[%mdl 4096] Endgame KRB-KRN} 27. Ne4 ({White should play} 27. Nc4 $11) 27... Rb8 $1 $15 28. Nxc3 Rxb3 29. Rc1 Ra3 30. Rc2 f5 31. e4 Bf6 32. Kd2 {[#]} (32. Nb1 $17 Rxa4 33. exf5) 32... Bxc3+ (32... f4 $1 $19 33. Kd3 Kg7) 33. Rxc3 Rxa4 $19 {KR-KR} 34. Ke3 (34. exf5 $1 $15 exf5 35. Rc5) 34... fxe4 35. fxe4 Ra2 36. Rc7 a5 37. Ra7 a4 38. f3 Kg7 ({Don't take} 38... Rxh2 39. Rxa4 Kg7 40. Kf4 $17) 39. Kf4 a3 (39... Kf6 $17 40. Ke3 Ra3+ 41. Kd4 Rxf3 42. Rxa4 Rf2) 40. h4 Ra1 {...Kf6 is the strong threat.} 41. e5 {[%mdl 8192] This costs White the game.} (41. Ke5 $17) 41... a2 42. Ra8 h5 {Black mates.} 43. Ra7 Kg6 44. Ra6 Kh6 45. Ra7 Kg7 46. Ra6 f6 47. Ra7+ Kg6 48. exf6 e5+ {[%mdl 64] [#] Decoy, Promotion} 49. Kxe5 Re1+ 50. Kf4 a1=Q {Weighted Error Value: White=0.39/Black=0.11} 0-1

[Event "78th GEO-ch Women 1st League 2021"]
[Site "Tbilisi"]
[Date "2021.03.24"]
[Round "7.4"]
[White "Tsotsonava, Elene"]
[Black "Kirtadze, Anastasia"]
[Result "1-0"]
[WhiteElo "1805"]
[BlackElo "1810"]
[Annotator "NA RC"]
[PlyCount "121"]
[EventDate "2021.03.18"]
[EventType "swiss"]
[EventCountry "GEO"]
[SourceTitle "playchess.com"]
[Source "ChessBase"]
[SourceQuality "1"]
[TimeControl "5400+30"]

1. e4 {[%emt 0:00:00]} e6 {[%emt 0:00:00]} 2. d4 {[%emt 0:00:00]} d5 {[%emt 0:00:17]} 3. Nd2 {[%emt 0:00:00]} Nc6 {[%emt 0:01:47]} 4. Ngf3 {[%emt 0:00:20]} Nf6 {[%emt 0:02:18]} 5. Bd3 {[%emt 0:02:23]} Nb4 {[%emt 0:02:31]} 6. e5 {[%emt 0:02:42]} Nxd3+ {[%emt 0:01:32]} 7. cxd3 {[%emt 0:00:10]} Nd7 {[%emt 0:00:08]} 8. O-O {[%emt 0:00:48]} Be7 {[%emt 0:01:45]} 9. Nb3 {[%emt 0:00:59]} O-O {[%emt 0:01:54]} 10. Be3 {[%emt 0:01:15]} f6 {[%emt 0:06:32]} 11. exf6 {[%emt 0:01:12]} Bxf6 {[%emt 0:00:28]} 12. Re1 {[%emt 0:00:50]} a5 {[%emt 0:02:35]} 13. a4 {[%emt 0:00:56]} e5 {[%emt 0:06:35]} 14. dxe5 {[%emt 0:04:15]} Nxe5 {[%emt 0:00:10]} 15. Nxe5 {[%emt 0:03:27]} Bxe5 {[%emt 0:00:12]} 16. Bc5 {[%emt 0:00:46]} Re8 {[%emt 0:05:35]} 17. d4 {[%emt 0:08:03]} Bf6 {[%emt 0:02:58]} 18. Qh5 {[%emt 0:03:03]} Be6 {[%emt 0:01:12]} 19. Re3 {[%emt 0:02:28]} b6 {[%emt 0:01:15]} 20. Ba3 {[%emt 0:01:21]} Qd7 {[%emt 0:00:57]} 21. Rae1 {[%emt 0:04:03]} Bf7 {[%emt 0:01:01]} 22. Qf3 {[%emt 0:03:29]} Rxe3 {[%emt 0:01:34]} 23. Rxe3 {[%emt 0:00:16]} Qxa4 {[%emt 0:01:20]} 24. Be7 {[%emt 0:15:22]} Qc6 {[%emt 0:03:10]} 25. h3 {[%emt 0:06:23]} a4 {[%emt 0:03:17]} 26. Rc3 {[%emt 0:04:21]} Qe6 {[%emt 0:01:16]} 27. Re3 {[%emt 0:04:22]} Qxe7 {[%emt 0:04:20]} 28. Rxe7 {[%emt 0:00:36]} Bxe7 {[%emt 0:00:02]} 29. Nc1 {[%emt 0:01:47]} b5 {[%emt 0:01:35]} 30. Qc3 {[%emt 0:01:20]} b4 {[%emt 0:03:03]} 31. Qxc7 {[%emt 0:02:31]} Re8 {[%emt 0:04:15]} 32. Nd3 {[%emt 0:02:07]} a3 {[%emt 0:02:26]} 33. bxa3 {[%emt 0:00:52]} bxa3 {[%emt 0:00:17]} 34. Ne5 {[%emt 0:01:31]} Bg6 {[%emt 0:06:42]} 35. Qa5 {[%emt 0:04:30]} Bf7 {[%emt 0:07:20]} 36. Nxf7 {[%emt 0:02:14]} Kxf7 {[%emt 0:00:07]} 37. Qxd5+ {[%emt 0:00:02]} Kf8 {[%emt 0:00:10]} 38. Qf3+ {[%emt 0:00:27]} Kg8 {[%emt 0:00:24]} 39. Qb3+ {[%emt 0:00:28]} Kf8 {[%emt 0:01:19]} 40. g3 {[%emt 0:00:25]} Bd6 {[%emt 0:01:14]} 41. Kg2 {[%emt 0:01:30]} g6 {[%emt 0:01:51]} 42. Qb6 {[%emt 0:01:14]} Be7 {[%emt 0:00:52]} 43. d5 {[%emt 0:00:34]} Rd8 {[%emt 0:00:36]} 44. Qa5 {[%emt 0:00:19]} Rb8 {[%emt 0:01:15]} 45. Kf3 {[%emt 0:05:44]} Kf7 {[%emt 0:03:29]} 46. Qa7 $18 {[%emt 0:01:16]} Rd8 {[%emt 0:01:28]} 47. Ke4 {[%emt 0:00:11]} Kf6 {[%emt 0:00:19]} 48. Qa6+ {[%emt 0:01:29]} Rd6 {[%emt 0:00:17]} 49. Qa5 {[%emt 0:00:23]} Rd7 {[%emt 0:00:58]} 50. f4 {[%emt 0:00:52]} Bd6 {[%emt 0:00:31]} 51. Qa6 {[%emt 0:00:55]} Ke7 {[%emt 0:00:22]} 52. f5 {[%emt 0:00:26]} gxf5+ {[%emt 0:00:33]} 53. Kxf5 {[%emt 0:00:07]} Rc7 {[%emt 0:00:07]} 54. Qe2+ {[%emt 0:04:36]} Kd8 {[%emt 0:00:23]} 55. Qe6 {[%emt 0:02:07]} Rd7 {[%emt 0:00:26]} 56. Qg8+ {[%emt 0:00:13]} Kc7 {[%emt 0:00:18]} 57. Qa8 {[%emt 0:01:10]} Rf7+ {[%emt 0:00:25]} 58. Ke6 {[%emt 0:00:09]} Re7+ {[%emt 0:00:05]} 59. Kf6 {[%emt 0:00:11]} Rd7 {[%emt 0:00:12]} 60. Qc6+ {[%emt 0:01:04]} Kd8 {[%emt 0:00:18]} 61. Ke6 {[%emt 0:00:06]} 1-0

[Event "78th GEO-ch Women 1st League 2021"]
[Site "Tbilisi"]
[Date "2021.03.24"]
[Round "7.5"]
[White "Sichinava, Mariam"]
[Black "Oniani, Tamar"]
[Result "0-1"]
[WhiteElo "1516"]
[BlackElo "1604"]
[Annotator "NA RC"]
[PlyCount "74"]
[EventDate "2021.03.18"]
[EventType "swiss"]
[EventCountry "GEO"]
[SourceTitle "playchess.com"]
[Source "ChessBase"]
[SourceQuality "1"]
[TimeControl "5400+30"]

1. Nf3 {[%emt 0:00:00]} Nf6 {[%emt 0:03:20]} 2. g3 {[%emt 0:02:38]} d5 {[%emt 0:00:07]} 3. Bg2 {[%emt 0:00:06]} c5 {[%emt 0:00:04]} 4. c4 {[%emt 0:00:15]} d4 {[%emt 0:00:10]} 5. O-O {[%emt 0:00:07]} Nc6 {[%emt 0:00:08]} 6. e3 {[%emt 0:00:23]} e6 {[%emt 0:00:22]} 7. exd4 {[%emt 0:00:29]} Nxd4 {[%emt 0:00:39]} 8. Nxd4 {[%emt 0:00:13]} Qxd4 {[%emt 0:00:03]} 9. Nc3 {[%emt 0:00:38]} Be7 {[%emt 0:03:23]} 10. d3 {[%emt 0:01:56]} O-O {[%emt 0:03:02]} 11. Be3 {[%emt 0:03:17]} Qd8 {[%emt 0:06:00]} 12. Qc2 {[%emt 0:10:01]} Ng4 {[%emt 0:10:37]} 13. Bf4 {[%emt 0:03:38]} g5 {[%emt 0:13:24]} 14. Qe2 {[%emt 0:07:40]} Nxh2 {[%emt 0:01:35]} 15. Kxh2 {[%emt 0:00:09]} gxf4 {[%emt 0:00:03]} 16. Qg4+ {[%emt 0:00:16]} Kh8 {[%emt 0:00:01]} 17. Qxf4 {[%emt 0:00:17]} Bd6 {[%emt 0:00:28]} 18. Qh6 {[%emt 0:01:17]} f5 {[%emt 0:01:05]} 19. Nb5 {[%emt 0:05:24]} Be5 {[%emt 0:15:55]} 20. Qe3 {[%emt 0:10:29]} Bxb2 {[%emt 0:07:36]} 21. Rab1 {[%emt 0:00:11]} f4 {[%emt 0:01:27]} 22. Qxc5 {[%emt 0:01:34]} Bg7 {[%emt 0:02:10]} 23. Be4 {[%emt 0:08:22]} e5 {[%emt 0:06:55]} 24. d4 {[%emt 0:05:32]} Qg5 {[%emt 0:03:15]} 25. d5 {[%emt 0:10:10]} Qh5+ {[%emt 0:01:10]} 26. Kg1 {[%emt 0:01:31]} f3 {[%emt 0:00:27]} 27. Qe3 {[%emt 0:04:01]} Bg4 {[%emt 0:00:04]} 28. Rb3 {[%emt 0:04:11]} Qh3 {[%emt 0:01:40]} 29. Bxf3 {[%emt 0:00:06]} Bxf3 {[%emt 0:00:03]} 30. Qxf3 {[%emt 0:00:01]} Rxf3 {[%emt 0:00:06]} 31. Rxf3 {[%emt 0:00:08]} Qd7 {[%emt 0:00:04]} 32. Rd3 {[%emt 0:01:38]} a6 {[%emt 0:00:41]} 33. Nc3 {[%emt 0:00:07]} Rc8 {[%emt 0:00:03]} 34. Rb1 {[%emt 0:01:31]} Rxc4 {[%emt 0:00:09]} 35. d6 {[%emt 0:00:03]} e4 {[%emt 0:01:04]} 36. Nxe4 {[%emt 0:01:25]} Rxe4 {[%emt 0:00:29]} 37. Rc1 {[%emt 0:00:05]} Bd4 {[%emt 0:00:40]} 0-1